Southville International School and Colleges
Your cart is empty.
  • Cart
  • Lists
    Public lists Eva Luna New books Lux_list list_1
    Your lists Log in to create your own lists
  • Log in to your account
  • Your cookies
  • Search history
Southville International School and Colleges
  • Advanced search
  • Recent comments
  • Most popular
  • Libraries

Log in to your account

Log in with GOOGLE


If you do not have an external account, but do have a local account, you can still log in:

  1. Home
  2. MARC view: Website building with joomla! /
Normal view MARC view ISBD view

Website building with joomla! / (Record no. 296086)

[ view plain ]
MARC details
000 -LEADER
fixed length control field 00633nam a2200241Ia 4500
008 - FIXED-LENGTH DATA ELEMENTS--GENERAL INFORMATION
fixed length control field 160621s9999 xx 000 0 und d
020 ## - INTERNATIONAL STANDARD BOOK NUMBER
International Standard Book Number 978-971-37-0416-0
050 ## - LIBRARY OF CONGRESS CALL NUMBER
Classification number ComSc TK 5105.8883
050 ## - LIBRARY OF CONGRESS CALL NUMBER
Item number .B69 2011
100 ## - MAIN ENTRY--PERSONAL NAME
Personal name Boydon, Ernesto C.
245 ## - TITLE STATEMENT
Title Website building with joomla! /
245 ## - TITLE STATEMENT
Statement of responsibility, etc Ernesto C. Boydon.
260 ## - PUBLICATION, DISTRIBUTION, ETC. (IMPRINT)
Place of publication, distribution, etc Manila :
260 ## - PUBLICATION, DISTRIBUTION, ETC. (IMPRINT)
Name of publisher, distributor, etc Jemma Inc.,
260 ## - PUBLICATION, DISTRIBUTION, ETC. (IMPRINT)
Date of publication, distribution, etc 2011
300 ## - PHYSICAL DESCRIPTION
Extent 210 pages :
300 ## - PHYSICAL DESCRIPTION
Other physical details illustrations ;
300 ## - PHYSICAL DESCRIPTION
Dimensions 24 cm.
440 ## - SERIES STATEMENT/ADDED ENTRY--TITLE
Title Visual guide
650 ## - SUBJECT ADDED ENTRY--TOPICAL TERM
Topical term or geographic name as entry element Joomla! (Computer file).
650 ## - SUBJECT ADDED ENTRY--TOPICAL TERM
Topical term or geographic name as entry element Web site development.
650 ## - SUBJECT ADDED ENTRY--TOPICAL TERM
General subdivision Joomla! (Computer software).
Holdings
Withdrawn status Lost status Damaged status Home library Current library Shelving location Date acquired Cost, normal purchase price Total Checkouts Full call number Barcode Date last seen Price effective from Koha item type
      South Mansfield College South Mansfield College   02/20/2013 321.00   ComSc TK 5105.8883 .B69 2011 SMC05893 06/21/2016 06/21/2016  

Website building with joomla! /

APA

Boydon E. C., .Website building with joomla!. Manila: .

Chicago

Boydon Ernesto C, .Website building with joomla!. Manila: .

Harvard

Boydon E. C., .Website building with joomla!. Manila: .

MLA

Boydon Ernesto C, .Manila: . .

  • Place hold
  • Print
  • Cite
  • Add to your cart (remove)
  • Save record
    BIBTEX Dublin Core MARCXML MARC (non-Unicode/MARC-8) MARC (Unicode/UTF-8) MARC (Unicode/UTF-8, Standard) MODS (XML) RIS
  • More searches
    Search for this title in:
    Other Libraries (WorldCat) Other Databases (Google Scholar) Online Stores (Bookfinder.com) Open Library (openlibrary.org)

Exporting to Dublin Core...

SOUTHVILLE LIBRARY

Southville International School and Colleges Library

1281 Tropical Ave. Cor. Luxembourg St., BF Homes International, Las Pinas City

Tel. No. 8256374 / 252358 Loc. 117/146

Powered by Koha